000 00647nam 22002053 4500
001 200330
021 _aPT
_b6145/84
090 _a200330
100 _a20260203d u||y0pory50 ba
200 _aSteve & Julie
_ftexto e desenhos de Jean Graton, assistido por Christian Lippens, Guillaume Lopez e Clovis
_gCor Juan Castilla
210 _aLisboa
_cMeribérica/ Liber
_dD. L. 1984
215 _a48 p.
_cil. ; brochado
_d29 cm
225 _aMichel Vaillant
606 _91586
_aDesenho ArtĂ­stico
610 _aBanda Desenhada
675 _a74
_vPT
_zpor
700 _916149
_aGraton
_bJean
_f1923-2021
801 _aPT
_bBMMN
_gRPC
830 _cIsabel
990 _cLIVROS